Normal view MARC view

Entry Nombre personal

Number of records used in: 1

001 - NÚMERO DE CONTROL

  • campo de control: 90426

003 - IDENTIFICADOR DE NÚMERO DE CONTROL

  • campo de control: SpMaBN

005 - FECHA Y HORA DE LA ÚLTIMA TRANSACCIÓN

  • campo de control: 20250821070219.0

008 - ELEMENTOS DE DATO DE LONGITUD-FIJA

  • campo de control de longitud fija: 900514nn ainnnaabn a aaa

010 ## - NÚMERO DE CONTROL DE LA BIBLIOTECA DEL CONGRESO

  • Número de control de LC: XX1065510

016 ## - NÚMERO DE CONTROL DE UNA AGENCIA BIBLIOGRÁFICA NACIONAL

  • Número de control del registro: BNE19922181046

024 7# - IDENTIFICADOR DE OTROS ESTÁNDARES

  • Número estándar o código: http://viaf.org/viaf/78151824/
  • Fuente: viaf

024 7# - IDENTIFICADOR DE OTROS ESTÁNDARES

  • Número estándar o código: https://isni.org/isni/0000000037016293
  • Fuente: isni

024 7# - IDENTIFICADOR DE OTROS ESTÁNDARES

  • Número estándar o código: http://www.wikidata.org/entity/Q55687978
  • Fuente: wikidata

040 ## - FUENTE DE CATALOGACIÓN

  • Centro catalogador/agencia de origen: SpMaBN
  • Lengua de catalogación: spa
  • Centro/agencia transcriptor: SpMaBN
  • Normas de descripción: rdc
  • Convención/Normas de encabezamiento de materia/tesauro: embne

046 ## - FECHAS CON CODIFICACIÓN ESPECIAL

  • Fecha de nacimiento: 1921
  • Fecha de la muerte: 1993

100 1# - ENCABEZAMIENTO-NOMBRE DE PERSONA

  • Nombre de persona: Perdomo Spínola, Leandro,
  • Fechas asociadas al nombre: 1921-1993

375 ## - GÉNERO/SEXO

  • Género: Masculino

400 1# - TRAZADO DE VÉASE--NOMBRE DE PERSONA

  • Nombre de persona: Perdomo, Leandro,
  • Fechas asociadas al nombre: 1921-1993

670 ## - FUENTE DE DATOS ENCONTRADOS

  • Cita de la fuente: Diez cuentos, 1980
  • Información encontrada: port. (Leandro Perdomo Spínola)

670 ## - FUENTE DE DATOS ENCONTRADOS

  • Cita de la fuente: Desde mi cráter, 2014
  • Información encontrada: port. (Leandro Perdomo) solapa (Leandro Perdomo Spínola; n. 1921, Lanzarote) p. 7 (escritor, periodista, cronista crítico, ensayista, cuentista)

670 ## - FUENTE DE DATOS ENCONTRADOS

  • Cita de la fuente: WWW BICA, 12-9-2014
  • Información encontrada: (Perdomo Spínola, Leandro 1921-1993)